La democracia a través de los derechos: el constitucionalismo garantista como modelo teórico y como proyecto político
সংরক্ষণ করুন:
| প্রধান লেখক: | |
|---|---|
| বিন্যাস: | অজ্ঞাত |
| ভাষা: | ইংরেজি স্প্যানিশ |
| প্রকাশিত: |
Madrid, España
Trotta
2014
|
| সংস্করন: | Primera edición |
| বিষয়গুলি: | |
| ট্যাগগুলো: |
ট্যাগ যুক্ত করুন
কোনো ট্যাগ নেই, প্রথমজন হিসাবে ট্যাগ করুন!
|
MARC
| LEADER | 00000 a2200000 4500 | ||
|---|---|---|---|
| 003 | CL-VaPUC | ||
| 005 | 20240606100351.0 | ||
| 008 | 200117b ||||| |||| 00| 0 eng d | ||
| 999 | |c 376162 |d 376160 | ||
| 020 | |a 9788498795363 | ||
| 040 | |c Pontificia Universidad Católica de Valparaíso | ||
| 041 | 0 | |a spa | |
| 082 | |a 340.01 FER 2014 | ||
| 100 | |a Ferrajoli, Luigi |e autor |9 522506 | ||
| 245 | 1 | 3 | |a La democracia a través de los derechos: |b el constitucionalismo garantista como modelo teórico y como proyecto político |
| 250 | |a Primera edición | ||
| 260 | 3 | |b Trotta |c 2014 |a Madrid, España | |
| 300 | |a 259 p | ||
| 505 | 0 | |a Primera parte. El modelo te{orico. Segunda parte. El proyecto pol{itico. | |
| 583 | |k Hugo Gaete |c 20200117 | ||
| 650 | 0 | 0 | |a GARANTISMO |9 439479 |
| 650 | 0 | 0 | |a Derechos fundamentales |9 254841 |
| 650 | 0 | 0 | |a Derecho positivo |9 255911 |
| 650 | 0 | 0 | |a Teoría del derecho |9 255982 |
| 650 | 0 | 0 | |a Filosofía del derecho |9 255050 |
| 942 | |2 ddc |c BK | ||
| 952 | |0 0 |1 0 |2 ddc |4 0 |6 340_010000000000000_FER_2014 |7 0 |9 495330 |a BIBDER |b BIBDER |d 2020-01-02 |e 36 |g 19244.00 |i 5569389 |o 340.01 FER 2014 |p 5569389 |r 2023-01-25 |t 1 |v 19244.00 |w 2020-01-02 |y BK |k DER | ||